00585nam a2200193 a 450000100100000000500170001000800410002704000250006804100080009308200180010110000320011924500520015126000290020330000360023250400480026854600140031660000370033065000240036700003488120200930073948.0111021s1927 fr ac 001 0 fre d aDO-SdBNPbspacBNPHU17afre a540.92bB539B1 aBoutaric, Auguste Marius A.10aMarcellin Berthelot (1827-1907) /cA. Boutaric. aParís :bPayot,c1927. a218 p. :bil., retrs. ;c23 cm. aBibliografía y notas al pie de páginas. aFrancés14aBERTHELOT, MARCELLIN,d1827-1907 4aQuímicoszFrancia